书目信息 |
| 题名: |
北方春玉米田间种植手册
|
|
| 作者: | 李少昆 著 | |
| 分册: | ||
| 出版信息: | 北京 中国农业出版社 2011 |
|
| 页数: | 142页 | |
| 开本: | 21cm | |
| 丛书名: | 玉米田间宝典丛书 | |
| 单 册: | ||
| 中图分类: | S513 | |
| 科图分类: | ||
| 主题词: | 玉米--栽培技术 , 玉米 | |
| 电子资源: | ||
| ISBN: | 978-7-109-16381-2 | |
| 000 | 00907nam0 2200277 45 | |
| 001 | 1356791078 | |
| 005 | 20130514173102.37 | |
| 010 | @a978-7-109-16381-2@dCNY25.00 | |
| 100 | @a20130108d2012 em y0chiy50 ea | |
| 101 | 0 | @achi |
| 102 | @aCN@b110000 | |
| 105 | @aa z 000yy | |
| 106 | @ar | |
| 200 | 1 | @a北方春玉米田间种植手册@ABei Fang Chun Yu Mi Tian Jian Zhong Zhi Shou Ce@f李少昆[等]著@FLi Shao Kun [ Deng ] Zhu |
| 210 | @a北京@c中国农业出版社@d2011 | |
| 215 | @a142页@c图@d21cm | |
| 225 | 1 | @a玉米田间宝典丛书 |
| 304 | @a著者还有:王振华、高增贵、谢瑞芝、王永宏 | |
| 330 | @a本书共六部分,内容包括:玉米生长发育图解、播种、苗期管理、穗期管理、花粒期管理、收获期管理。 | |
| 461 | 0 | @12001 @a玉米田间宝典丛书 |
| 606 | 0 | @a玉米@x栽培技术 |
| 606 | 0 | @a玉米 |
| 690 | @aS513@v5 | |
| 701 | 0 | @a李少昆@ALi Shao Kun@4著 |
| 801 | @aCN@bTANGWEI@c20130108 | |
| 905 | @b0829416-20@dS513@e49@f5 | |
| 北方春玉米田间种植手册/李少昆[等]著.-北京:中国农业出版社,2011 |
| 142页:图;21cm.-(玉米田间宝典丛书) |
| ISBN 978-7-109-16381-2:CNY25.00 |
| 本书共六部分,内容包括:玉米生长发育图解、播种、苗期管理、穗期管理、花粒期管理、收获期管理。 |
| ● |
| 相关链接 |
|
|
|
|
正题名:北方春玉米田间种植手册
索取号:S513/49
 
预约/预借
| 序号 | 登录号 | 条形码 | 馆藏地/架位号 | 状态 | 备注 |
| 1 | 0829416 | 208294166 | 第二样本阅览室/ [索取号:S513/49] | 在馆 | |
| 2 | 0829417 | 208294175 | 第三借阅区/ [索取号:S513/49] | 在馆 | |
| 3 | 0829418 | 208294184 | 第三借阅区/ [索取号:S513/49] | 在馆 | |
| 4 | 0829419 | 208294193 | 第三借阅区/ [索取号:S513/49] | 在馆 | |
| 5 | 0829420 | 208294200 | 第三借阅区/ [索取号:S513/49] | 在馆 |